| 000 | 00485nam a2200169Ia 4500 | ||
|---|---|---|---|
| 999 |
_c26814 _d26814 |
||
| 003 | OSt | ||
| 005 | 20201218151015.0 | ||
| 008 | 190216s9999||||xx |||||||||||||| ||und|| | ||
| 040 | _coclc | ||
| 082 |
_a894.8121 _bPOT/O |
||
| 100 |
_aPotti, Subrahmanian _97701 |
||
| 245 | 0 |
_aOru Vilapam / _cSubrahmanian Potti |
|
| 260 |
_bPoorna Publication, _c1990. _aKozhikode: |
||
| 300 | _a71p | ||
| 650 | _aKavithkal | ||
| 942 |
_cBK _2ddc _h894.8121 _iPOT/O _k894.8121 _mPOT/O |
||